01351nam a2200361Ii 4500001001100000003000800011006001900019007001500038008004100053020001500094020001800109035002100127040002600148043001200174050002100186100001700207245008800224250001100312264009400323300003400417336002600451337002600477338003600503490008500539504005200624610002300676650003300699650004600732655002200778830005300800830006600853856007000919DIGANT0035NyNyDIGm o d cr |||||||||||100325s2008 sp ob 000 0 spa d z847658864x z9788476588642 a(OCoLC)654103909 aDGITAbengepncDGITA ae-sp---14aHV6433.S72 eBook1 aMate, Reyes.10aJusticia de las víctimas :bterrorismo, memoria, reconciliación /cReyes Mate. a1a ed. 1a[Madrid] :bFundación Alternativas ;aRubí, Barcelona :bAnthropos, Editorial,c2008. a1 online resource (191 pages) atextbtxt2rdacontent acomputerbc2rdamedia aonline resourcebcr2rdacarrier1 aHuellas : memoria y texto de creación ;v31.aProblemas: la complejidad negada aIncludes bibliographical references (p. 89-90).20aETA (Organization) 0aVictims of terrorismzSpain. 0aReconciliationxPolitical aspectszSpain. 0aElectronic books. 0aHuellas (Anthropos, Editorial del Hombre) ;v31. 0aHuellas (Anthropos, Editorial del Hombre). pSerie problemas.403Digitalia Hispánicauhttps://www.digitaliapublishing.com/a/144/